Aquascapes II : water in Japanese landscape architecture.

Bibliographic Details
Format: Book
Language:English
Japanese
Published: Tokyo, Japan : Process Architecture Co., 1994.
Subjects:

MARC

Tag First Indicator Second Indicator Subfields
LEADER 00000cam a2200000 a 4500
001 in00001234950
005 20151003060920.0
008 940906s1994 ja a 001 0 eng d
020 |a 4893317199 
035 |a (OCoLC)31055439 
035 |9 AGS2912AM 
040 |a UMC  |c UMC  |d AGX  |d UIU  |d UtOrBLW 
041 0 |a eng  |a jpn 
049 |a TXAM 
072 0 |a P300 
090 |a SB475.8  |b .A683 1994 
092 0 |a 714  |b Aq35  |2 20 
245 0 0 |a Aquascapes II :  |b water in Japanese landscape architecture. 
264 1 |a Tokyo, Japan :  |b Process Architecture Co.,  |c 1994. 
300 |a 224 pages :  |b illustrations (some color) ;  |c 31 cm. 
336 |a text  |b txt  |2 rdacontent 
337 |a unmediated  |b n  |2 rdamedia 
338 |a volume  |b nc  |2 rdacarrier 
500 |a English and Japanese. 
500 |a Includes index in Japanese. 
650 0 |a Water in landscape architecture  |z Japan. 
999 |a MARS 
999 f f |s 296a3503-4c56-3f26-a386-be41722575d0  |i 964fb4a3-c407-3c6b-8733-6db75ca2d722  |t 0 
952 f f |p ric  |a Texas A&M University  |b Rellis Campus  |c Joint Library Facility  |d Remote Storage  |t 0  |e SB475.8 .A683 1994  |h Library of Congress classification  |i unmediated -- volume  |m A14819321135 
998 f f |a SB475.8 .A683 1994  |t 0  |l Remote Storage